书目信息 |
| 题名: |
拓扑对偶定理
|
|
| 作者: | п.C.亚历山大罗夫 著 | |
| 分册: | 第一部分 闭集 | |
| 出版信息: | 北京 科学出版社 1959 |
|
| 页数: | 112页 | |
| 开本: | 20cm | |
| 丛书名: | ||
| 单 册: | ||
| 中图分类: | O189.11 | |
| 科图分类: | ||
| 主题词: | 几何 , 拓扑 | |
| 电子资源: | ||
| ISBN: | ||
| 000 | 00626nam0 2200217 450 | |
| 001 | 0660508093 | |
| 005 | 20060731165255.01 | |
| 010 | @dCNY0.70 | |
| 100 | @a20060731d1959 km y0chiy0120 ea | |
| 101 | 0 | @achi@crus |
| 102 | @aCN@b110000 | |
| 200 | 1 | @a拓扑对偶定理@Atuo pu dui ou ding li@h第一部分@i闭集@fп.C.亚历山大罗夫著@Fп.C.ya li shan da luo fu zhu |
| 210 | @a北京@c科学出版社@d1959 | |
| 215 | @a112页@d20cm | |
| 517 | 1 | @a闭集@Abi ji |
| 606 | 0 | @a几何 |
| 606 | 0 | @a拓扑 |
| 690 | @aO189.11@v3 | |
| 701 | 0 | @aп.C.亚历山大罗夫@Aп.C.ya li shan da luo fu@4著 |
| 801 | 0 | @aCN@bPFT@c20060731 |
| 905 | @a10447@dO189.11@e39 | |
| 拓扑对偶定理.第一部分.闭集/п.C.亚历山大罗夫著.-北京:科学出版社,1959 |
| 112页;20cm |
| ISBN :CNY0.70 |
| ● |
| 相关链接 |
|
|
|
|
正题名:拓扑对偶定理
索取号:O189.11/39
 
预约/预借
| 序号 | 登录号 | 条形码 | 馆藏地/架位号 | 状态 | 备注 |
| 1 | 0443191 | 204431917 | 密集书库/ [索取号:O189.11/39] | 在馆 |